00565cam a22002291 4500001001300000003000400013005001700017008004100034010001700075035002000092040001800112042001200130050001600142100001700158245006000175260001100235300001900246500001500265650002300280650001500303999001700318sa 68014996 DLC20260227112638.0881028s1967 xx 000 0 beno  asa 68014996  a(OCoLC)23574949 aDLCcMiUdDLC apremarc00aPK1703b.D41 aDey, Bishnu.10aMāikela, Rabīndranātha o anyānya jijñāsā. c[1967] a214 p.c23 cm. aRomanized. 0aBengali literature 0aLiterature c86151d86151